Szczegóły MARC21

Stücke. 2 /

003 -Nazwa inst., której nr kontr. jest w polu 001 [,]
    • @
    • Nazwa instytucji, której n kontrolny jest w polu 001
    • NUKAT
005 -DATA I CZAS OSTATNIEJ MODYFIKACJI [,]
    • @
    • pole kontrolne
    • 20241231090824.0
020 -Międzynarod. znormalizowany nr książki - ISBN [ , ]
    • a
    • Numer ISBN
    • 3518365819 Find
040 -Instytucja sporządzająca opis [ , ]
    • a
    • Instytucja, która sporządziła opis (NP)
    • WA U/58JKU
    • c
    • Instytucja, która sporządziła rekord (NP)
    • WA U/JKU
942 -Rodzaj dokumentu [ , ]
    • c
    • Rodzaj dokumentu
    • Książka
100 -Hasło główne - nazwa osobowa [1, ]
    • a
    • Nazwa osobowa (NP)
    • Frisch, Max
    • d
    • Daty biograficzne (NP)
    • (1911-1991).
    • 9
    • KHW
    • 83982
245 -Strefa tytułu i oznaczenia odpowiedzialności [1,0]
    • a
    • Tytuł
    • Stücke. Find
    • n
    • Oznaczenie części (P)
    • 2 /
    • c
    • Pozostałe elementy strefy tytułu i oznaczenia odpowiedzialności (NP)
    • Max Frisch.
250 -Strefa wydania [ , ]
    • a
    • Oznaczenie wydania (NP)
    • 15. Nachdr.
260 -Strefa adresu wydawniczego [ , ]
    • a
    • Miejsce wydania (P)
    • Frankfurt am Main :
    • b
    • Nazwa wydawcy (P)
    • Suhrkamp,
    • c
    • Data wydania (P)
    • 1990.
300 -Strefa opisu fizycznego [ , ]
    • a
    • Określenie formy książki i/lub objętość (NP)
    • 432, [4] s. ;
    • c
    • Format (NP)
    • 18 cm.
336 -Typ zawartości [ , ]
    • a
    • Termin opisujący typ zawartości
    • Tekst
    • b
    • Kod określający zawartość
    • txt
    • 2
    • Źródło (terminu i kodu)
    • rdacontent
337 -Typ mediów [ , ]
    • a
    • Tryb odtwarzania
    • Bez urządzenia pośredniczącego
    • b
    • Kod typu mediów
    • n
    • 2
    • Źródło (terminu i kodu)
    • rdamedia
338 -Typ/rodzaj nośnika [ , ]
    • a
    • Hasło opisujące typ nośnika
    • Wolumin
    • b
    • Kod typu nośnika
    • nc
    • 2
    • Źródło (terminu i kodu)
    • rdacarrier
380 -Deskryptor - Forma dzieła (P) [ , ]
    • a
    • forma dzieła (NP)
    • Dramat (rodzaj)
490 -Strefa serii i książki wielotomowej - forma nie do wyszukiwania [1, ]
    • a
    • Tytuł (P)
    • Suhrkamp Taschenbuch ; Find
    • v
    • Numeracja (P)
    • 81
830 -Hasło dodatkowe serii i opisu książki wielotomowej - tytuł ujednolicony/tytuł [ ,0]
    • a
    • Tytuł ujednolicony/tytuł (NP)
    • Suhrkamp Taschenbuch
    • x
    • ISSN
    • 0930-9721
    • v
    • Oznaczenie tomu (NP)
    • 81
    • 9
    • KHW
    • 37681
505 -Uwaga dot. zawartości książki [0, ]
    • a
    • Uwaga dot. zawartości książki
    • Don Juan oder Die Liebe zur Geometrie ; Biedermann und die Brandstifter ; Die große Wut des Philipp Hotz ; Andorra ; Biografie: Ein Spiel.
080 -Uniwersalna Klasyfikacja Dziesiętna [ , ]
    • a
    • Symbol klasyfikacji
    • 830(494)-2=30
655 -Hasło w funkcji tematu formalnego [ ,7]
    • a
    • Hasło
    • Dramat szwajcarski w języku niemieckim
    • y
    • Określnik chronologiczny
    • 1945-.
    • 2
    • Źródło terminu
    • kaba
    • 9
    • KHW
    • 415596
980 -Symbol UKD [ , ]
    • a
    • UKD
    • 830(494)-2=30
700 -Hasło dodatkowe - nazwa osobowa [1,2]
    • a
    • Nazwa osobowa (NP)
    • Frisch, Max Find
    • d
    • Daty biograficzne (NP)
    • (1911-1991).
    • t
    • Tytuł ujednolicony/tytuł (NP)
    • Don Juan oder Die Liebe zur Geometrie Find
    • l
    • Język tekstu (NP)
    • (niem.)
    • 9
    • KHW
    • 415726
700 -Hasło dodatkowe - nazwa osobowa [1,2]
    • a
    • Nazwa osobowa (NP)
    • Frisch, Max Find
    • d
    • Daty biograficzne (NP)
    • (1911-1991).
    • t
    • Tytuł ujednolicony/tytuł (NP)
    • Biedermann und die Brandstifter Find
    • l
    • Język tekstu (NP)
    • (niem.)
    • 9
    • KHW
    • 474955
700 -Hasło dodatkowe - nazwa osobowa [1,2]
    • a
    • Nazwa osobowa (NP)
    • Frisch, Max Find
    • d
    • Daty biograficzne (NP)
    • (1911-1991).
    • t
    • Tytuł ujednolicony/tytuł (NP)
    • Große Wut des Philipp Hotz Find
    • l
    • Język tekstu (NP)
    • (niem.)
    • 9
    • KHW
    • 474956
700 -Hasło dodatkowe - nazwa osobowa [1,2]
    • a
    • Nazwa osobowa (NP)
    • Frisch, Max Find
    • d
    • Daty biograficzne (NP)
    • (1911-1991).
    • t
    • Tytuł ujednolicony/tytuł (NP)
    • Andorra Find
    • l
    • Język tekstu (NP)
    • (niem.)
    • 9
    • KHW
    • 474515
700 -Hasło dodatkowe - nazwa osobowa [1,2]
    • a
    • Nazwa osobowa (NP)
    • Frisch, Max Find
    • d
    • Daty biograficzne (NP)
    • (1911-1991).
    • t
    • Tytuł ujednolicony/tytuł (NP)
    • Biografie : ein Spiel Find
    • l
    • Język tekstu (NP)
    • (niem.)
    • 9
    • KHW
    • 635750
710 -Hasło dodatkowe - nazwa ciała zbiorowego [2, ]
    • a
    • Nazwa ciała zbiorowego lub nazwa geograficzna jako pierwszy element (NP)
    • Suhrkamp Verlag.
    • 4
    • Kod relacji
    • pbl
    • 9
    • KHW
    • 56105
920 -ISBN [ , ]
    • a
    • ISBN
    • 3-518-36581-9 Find
Sygnatura Lokalizacja Data inwentaryzacji Status udost. Numer inwentarzowy
Germ. Dramat szwajcarskiBM1995-10-18-3G.11365
Germ. Dramat szwajcarskiBM1998-09-16-3G.13835